Statistics for Glee Duets

Click here to take the quiz!

General Stats

  • This quiz has been taken 13 times
  • The average score is 15 of 20

Answer Stats

HintAnswer% Correct
Who sang 'River Deep Mountain High' with Mercedes?Santana
100%
Which character sang 'Faithfully' with Rachel?Finn
91%
Who duetted to 'A Thousand Years' with Jake?Marley
91%
Who sang 'Papa Don't Preach' with Quinn?Puck
91%
Who duetted to 'Lucky' with Sam?Quinn
91%
Who duetted on 'Baby It's Cold Outside' with Kurt?Blaine
82%
Who sang 'You're All The World to Me' with Will?Emma
82%
Who performed 'Sing!' with Tina?Mike
82%
Which character sang 'Something Stupid' with Brittany?Sam
82%
Who sang 'Smooth Criminal' with Santana?Sebastian
82%
Who sang 'The Winner Takes It All' with Will?Sue
82%
Which character auditioned with 'Dream On' with Bryan?Will
82%
Who led 'Singing in the Rain/Umbrella' with Will?Holly
73%
Who sang 'Rolling in the Deep' with Rachel?Jesse
73%
Who sang 'At Last' with Artie?Mercedes
73%
Which character sang 'Don't You Want Me' with Blaine?Rachel
73%
Who sang 'I Dreamed a Dream' with Rachel?Shelby
64%
Who duetted to 'Come What May' with Blaine?Kurt
55%
Who sang 'Here Comes the Sun' with Santana?Dani
45%
Which character sang 'Somebody That I Used to Know' with Blaine?Cooper
27%

Score Distribution

Percentile by Number Answered

Percent of People with Each Score

Your Score History

You have not taken this quiz